Normal view
MARC view
- Sociology
Entry Topical Term
001 - CONTROL NUMBER
- control field: 63491
003 - CONTROL NUMBER IDENTIFIER
- control field: OSt
005 - DATE AND TIME OF LATEST TRANSACTION
- control field: 20220806110622.0
008 - FIXED-LENGTH DATA ELEMENTS
- fixed length control field: 220806|| aca||aabn | a|a d
040 ## - CATALOGING SOURCE
- Original cataloging agency: OSt
- Transcribing agency: OSt
150 ## - HEADING--TOPICAL TERM
- Topical term or geographic name entry element: Sociology
670 ## - SOURCE DATA FOUND
- Source citation: Work cat.: (OSt)36059: मंडलिक मा.द. 63490, १९ व्या शतकातील महाराष्ट्रातील हिंदू धर्म सुधारणा चळवळ, 2013